• 首页
  • 本馆介绍
  • 公告通知
  • 最新文献
  • 馆藏检索
  • 电子资源
  • 读者导购
  • 参考咨询
  • 我的图书馆
  • 登录
  • 详细信息显示
  • 放入我的书架
  • 预约/预借图书
  • 作者相关作品
  • 分类相关作品
  • 丛书相关作品
  • 出版社相关作品

书目信息

  • 表格格式
  • 工作单格式
  • 卡片格式
题名:
百姓的天空
    
 
作者: 苏文洋 著
分册:  
出版信息: 北京   新华出版社  2010.07
页数: 286页
开本: 24cm
丛书名:
单 册:
中图分类: D609.9
科图分类:
主题词: 时事评论--中国--现代--选集 , 时事评论
电子资源:
ISBN: 978-7-5011-9296-0
000 00890nam0 2200253 450
001 010050001825
005 20130608083601.25
010    @a978-7-5011-9296-0@dCNY35.00@z7-5011-9296-0
100    @a20100720d2010 em y0chiy0110 ea
101 0  @achi
102    @aCN@b110000
105    @ay z 000yy
106    @ar
200 1  @a百姓的天空@9bai xing de tian kong@e京东大苏的北京论语2.0@f苏文洋著
210    @a北京@c新华出版社@d2010.07
215    @a286页@d24cm
330    @a本书内容包括:政治:能否让不称职公务员当“走鬼”;经济:追求“最大化”不如“最优化”;社会、生活:开往春天的高铁;文化、教育:赵本山还是春晚“大白菜”等。
517 1  @a京东大苏的北京论语2.0@9jing dong da su de bei jing lun yu 2.0
606 0  @a时事评论@y中国@z现代@j选集
606 0  @a时事评论
690    @aD609.9@v4
701  0 @a苏文洋@9su wen yang@4著
801  0 @aCN@bRENTIAN@c20100720
905    @dD609.9@e112
    
    百姓的天空:京东大苏的北京论语2.0/苏文洋著.-北京:新华出版社,2010.07
    286页;24cm
    
    
    ISBN 978-7-5011-9296-0:CNY35.00
    本书内容包括:政治:能否让不称职公务员当“走鬼”;经济:追求“最大化”不如“最优化”;社会、生活:开往春天的高铁;文化、教育:赵本山还是春晚“大白菜”等。
●
相关链接 在E读中查询图书 在五车中查询图书 在当当中查询图书 在豆瓣中查询图书


正题名:百姓的天空     索取号:D609.9/112         预约/预借

序号 登录号 条形码 馆藏地/架位号 状态 备注
1 0544104   205441048   第一样本阅览室/ [索取号:D609.9/112] 在馆    
2 0544105   205441057   第一借阅区/ [索取号:D609.9/112] 在馆    
3 0544106   205441066   第一借阅区/ [索取号:D609.9/112] 在馆    
4 0544107   205441075   第一借阅区/ [索取号:D609.9/112] 在馆    
5 0544108   205441084   史法系资料室/ [索取号:D609.9/112] 在馆    
唐山师范学院图书馆 欢迎您!
大连网信软件有限公司© 版权所有